Arricchirsi vicendevolmente (Record n. 336696)

Dettagli MARC
000 -LEADER
campo di controllo lung. fissa nam a22 7a 4500
003 - Identificatore del numero di controllo
campo di controllo IT-MiCISF
005 - Data e orario dell'ultima transazione
campo di controllo 20170531113043.0
008 - Elementi di lunghezza fissa--Informazione generale
campo di controllo lung. fissa 170530b xxu||||| |||| 00| 0 eng d
040 ## - Fonte della catalogazione
Agenzia che fa la trascrizione IT-MiCISF
041 ## - Codice di lingua
Codice di lingua del testo/traccia sonora o titolo separato it
100 ## - Accesso principale -- nome di persona
Nome di persona Bianchi Luca (a cura di)
9 (RLIN) 56489
245 ## - Formulazione del titolo
Titolo Arricchirsi vicendevolmente
Complemento del titolo Famiglia e vita consacrata nell'unico corpo di Cristo
260 ## - Pubblicazione, distribuzione, ecc. (stampa)
Luogo di pubblicazione, distribuzione, ecc. Bologna
Nome dell'editore, distributore, ecc. Dehoniane
Data di pubblicazione, distribuzione, ecc. 2017
300 ## - Descrizione fisica
Estensione pp. 80
500 ## - Nota generale
Nota generale pastorale-familiare, oeratori-pastorali, vocazione, famiglia, ministero-coniugale
520 ## - Riassunto, ecc.
Nota di riassunto, ecc. L’anno della vita consacrata e i due sinodi dedicati alla riflessione sulla famiglia si incontrano e si intrecciano in questo volume, che raccoglie gli atti della Giornata di studio organizzata nel 2016 dall’Istituto Francescano di Spiritualità della Pontificia Università Antonianum. La riflessione collega le due tematiche con il proposito di riflettere su come le due vocazioni si fecondino reciprocamente e si arricchiscano vicendevolmente.«Famiglia e vita consacrata sono vocazioni portatrici di ricchezza e grazia per tutti, spazi di umanizzazione nella costruzione di relazioni vitali, luoghi di evangelizzazione. Ci si può aiutare gli uni gli altri», ha scritto papa Francesco nella lettera ai consacrati.
650 ## - Accesso aggiunto di soggetto--termine topico
Termine topico o nome geografico come accesso pastorale-familiare
9 (RLIN) 56039
654 ## - Accesso aggiunto di soggetto--termini topici faccettati
Termine principale atti
700 ## - Accesso aggiunto--nome di persona
Nome di persona Grazioli A.
-- Melone M.
-- Bianchi L.
-- Di Pinto R.
-- Pasolini R.
-- Martinelli P.
-- Baffetti B.
-- Tamanti R.
9 (RLIN) 56490
942 ## - Dati aggiuntivi (Koha)
Fonte della classificazione o dello schema di collocazione (segnatura) Dewey Decimal Classification
Tipo copia default (Koha) LIBRO
Dati di copia
Ritirato (status) Perso (status) Fonte della classificazione o dello schema di collocazione (segnatura) Danneggiato (status) Non per il presito Biblioteca proprietaria Biblioteca in cui si trova Data d'acquisizione Totale prestiti Collocazione Codice a barre Data ultima operazione Prezzo in vigore dal Tipo copia default (Koha)
    Dewey Decimal Classification Buone Condizioni Not For Loan CISF - Milano CISF - Milano 30/05/2017   b7341 9788810541586 30/05/2017 30/05/2017 LIBRO
CREDITS: SOCIETA' SAN PAOLO Via A.Severo, 58 - ROMA (RM) & PERIODICI SAN PAOLO SRL Via Giotto, 36 MILANO & CISF Via Giotto, 36 MILANO & EDIZIONI SAN PAOLO SRL,  Piazza Soncino, 5 CINISELLO BALSAMO (MI) -- ITALY